Central Library OPAC University of Rajshahi

Life on other worlds / (Record no. 69435)

MARC details
000 -LEADER
fixed length control field 00766nam a2200253 a 4500
001 - CONTROL NUMBER
control field 69435
003 - CONTROL NUMBER IDENTIFIER
rucl marc code BD-RjUL
005 - DATE AND TIME OF LATEST TRANSACTION
control field 20211209081905.0
008 - FIXED-LENGTH DATA ELEMENTS--GENERAL INFORMATION
fixed length control field 170411r19551952enka 001 0 eng d
035 ## - SYSTEM CONTROL NUMBER
System control number (BD-RjUL)69646
040 ## - CATALOGING SOURCE
Original cataloging agency DLC
Transcribing agency CUV
Modifying agency EQO
-- BD-RjUL
Language of cataloging eng
041 ## - LANGUAGE CODE
Language code of text/sound track or separate title eng
082 ## - DEWEY DECIMAL CLASSIFICATION NUMBER
Classification number 523.4
Edition number 23
Author mark and year JOL 1955
100 1# - MAIN ENTRY--PERSONAL NAME
Personal name Jones, H. Spencer
Fuller form of name (Harold Spencer),
Dates associated with a name 1890-1960.
9 (RLIN) 205667
245 10 - TITLE STATEMENT
Title Life on other worlds /
Statement of responsibility, etc. by H. Spencer Jones.
250 ## - EDITION STATEMENT
Edition statement 2nd ed.
260 ## - PUBLICATION, DISTRIBUTION, ETC. (IMPRINT)
Place of publication, distribution, etc. London :
Name of publisher, distributor, etc. The English Universities Press, ltd.,
Date of publication, distribution, etc. 1952 [Reprinted 1955]
300 ## - PHYSICAL DESCRIPTION
Pagination xiii, 259 p. :
Illustrations ill. ;
Size 20 cm.
500 ## - GENERAL NOTE
General note Includes Indexes
650 #0 - SUBJECT ADDED ENTRY--TOPICAL TERM
Topical term or geographic name as entry element Planets.
9 (RLIN) 156541
Topical term or geographic name as entry element Plurality of worlds.
9 (RLIN) 150807
942 ## - ADDED ENTRY ELEMENTS (KOHA)
Source of classification or shelving scheme Dewey Decimal Classification
Koha item type Books
Holdings
Lost status Source of classification or shelving scheme Damaged status Not for loan Collection code Permanent Location Current Location Shelving location Date acquired Source of acquisition Cost, normal purchase price Total Checkouts Full call number Date last seen Copy number Koha item type
  Dewey Decimal Classification   Not For Loan Non-fiction Central Library, University of Rajshahi Central Library, University of Rajshahi Reading Room 02/07/1957 Publishers. 10.20   523.4 JOL 1955 11/04/2017 C-1 Books